000 00646nam a2200241Ia 4500
003 OSt
005 20220928112632.0
006 a|||||r|||| 00| 0
007 ta
008 220927b |||||||| |||| 00| 0 eng d
024 _a83450
037 _cTextual
040 _aSDCL
_cSDCL
_beng
041 _2eng
_aeng
082 _aO-,2J64,11, K0.1
100 _aShakespeare William
245 0 _aFirst part of King Henry IV.
260 _c1960
300 _alxxxi,203p.
_ccm.
700 _a Humphreys A R Ed.
_9429035
942 _hO-,2J64,11, K0.1
_cTEXL
_2CC
999 _c745516
_d745516